Dance for fitness and health / (Record no. 28973)
[ view plain ]
| 000 -LEADER | |
|---|---|
| fixed length control field | 01129nam a2200289 i 4500 |
| 003 - CONTROL NUMBER IDENTIFIER | |
| control field | CSPC |
| 005 - DATE AND TIME OF LATEST TRANSACTION | |
| control field | 20250317143418.0 |
| 008 - FIXED-LENGTH DATA ELEMENTS--GENERAL INFORMATION | |
| fixed length control field | 250305s2023 ph a b 000 0 eng d |
| 020 ## - INTERNATIONAL STANDARD BOOK NUMBER | |
| International Standard Book Number | 9786218179332 |
| 040 ## - CATALOGING SOURCE | |
| Transcribing agency | CSPC |
| Original cataloging agency | CSPC |
| Language of cataloging | eng |
| Description conventions | rda |
| 082 04 - DEWEY DECIMAL CLASSIFICATION NUMBER | |
| Classification number | 792.8 |
| Item number | T122d |
| 100 1# - MAIN ENTRY--PERSONAL NAME | |
| Personal name | Taeza, Elenita G., |
| Relator term | author. |
| 245 1# - TITLE STATEMENT | |
| Title | Dance for fitness and health / |
| Statement of responsibility, etc. | Elenita G. Taeza and Nita M. Milanio. |
| 264 #1 - PRODUCTION, PUBLICATION, DISTRIBUTION, MANUFACTURE, AND COPYRIGHT NOTICE | |
| Place of production, publication, distribution, manufacture | Manila : |
| Name of producer, publisher, distributor, manufacturer | Edric Publishing House, |
| Date of production, publication, distribution, manufacture, or copyright notice | 2023. |
| 300 ## - PHYSICAL DESCRIPTION | |
| Extent | 95 pages : |
| Other physical details | illustrations ; |
| Dimensions | 25 cm. |
| 336 ## - CONTENT TYPE | |
| Source | rdacontent |
| Content type term | text |
| 337 ## - MEDIA TYPE | |
| Source | rdamedia |
| Media type term | unmediated |
| 338 ## - CARRIER TYPE | |
| Source | rdacarrier |
| Carrier type term | volume |
| 504 ## - BIBLIOGRAPHY, ETC. NOTE | |
| Bibliography, etc. note | Includes bibliographical references. |
| 505 0# - FORMATTED CONTENTS NOTE | |
| Formatted contents note | Introduction -- Basic dance -- Dance terms -- Social dance mixer -- Folk dance -- Ballroom dance/ dance sports -- Hip-hop dance. |
| 650 #0 - SUBJECT ADDED ENTRY--TOPICAL TERM | |
| Topical term or geographic name entry element | Dance |
| General subdivision | Health aspects. |
| 650 #0 - SUBJECT ADDED ENTRY--TOPICAL TERM | |
| Topical term or geographic name entry element | Dance |
| General subdivision | Physiological aspects. |
| 650 #0 - SUBJECT ADDED ENTRY--TOPICAL TERM | |
| Topical term or geographic name entry element | Physical fitness. |
| 700 1# - ADDED ENTRY--PERSONAL NAME | |
| Personal name | Milanio, Nita M., |
| Relator term | author. |
| 942 ## - ADDED ENTRY ELEMENTS (KOHA) | |
| Source of classification or shelving scheme | Dewey Decimal Classification |
| Suppress in OPAC | No |
| Koha item type | Books |
| Classification part | 792.8 |
| Item part | T122d |
| Call number prefix | FIL |
| Call number suffix | 2023 |
| Withdrawn status | Lost status | Source of classification or shelving scheme | Damaged status | Not for loan | Home library | Current library | Shelving location | Total Checkouts | Full call number | Barcode | Copy number | Koha item type | Date acquired | Date last seen | Price effective from |
|---|---|---|---|---|---|---|---|---|---|---|---|---|---|---|---|
| Dewey Decimal Classification | CAMPUS CSPC | CAMPUS CSPC | Filipiniana Section | FIL 792.8 T122d 2023 | 001586-BUH | 1-2 | Books | 03/12/2025 | 03/18/2025 | 03/12/2025 | |||||
| Dewey Decimal Classification | CAMPUS CSPC | CAMPUS CSPC | Filipiniana Section | FIL 792.8 T122d 2023 | 001587-BUH | 2-2 | Books | 03/12/2025 | 03/18/2025 | 03/12/2025 | |||||
| Dewey Decimal Classification | Main Library | Main Library | Filipiniana Section | FIL 792.8 T122d 2023 | 029276 | 3-3 | Books | ||||||||
| Dewey Decimal Classification | Main Library | Main Library | Filipiniana Section | FIL 792.8 T122d 2023 | 029275 | 2-3 | Books | ||||||||
| Dewey Decimal Classification | Main Library | Main Library | Filipiniana Section | FIL 792.8 T122d 2023 | 029274 | 1-3 | Books |